Foreign direct investment in Canada
Gorde:
| Formatua: | Liburua |
|---|---|
| Hizkuntza: | Undetermined |
| Argitaratua: |
Ottawa
Information Canada
1972
|
| Gaiak: | |
| Etiketak: |
Etiketa erantsi
Etiketarik gabe, Izan zaitez lehena erregistro honi etiketa jartzen!
|
| Thư viện lưu trữ: | Trung tâm Học liệu Trường Đại học Cần Thơ |
|---|
| LEADER | 00487nam a2200181Ia 4500 | ||
|---|---|---|---|
| 001 | CTU_82387 | ||
| 008 | 210402s9999 xx 000 0 und d | ||
| 082 | |a 332.673 | ||
| 082 | |b F715 | ||
| 245 | 0 | |a Foreign direct investment in Canada | |
| 245 | 0 | |c Government of Canada | |
| 260 | |a Ottawa | ||
| 260 | |b Information Canada | ||
| 260 | |c 1972 | ||
| 650 | |a Investments, foreign | ||
| 650 | |z Canada | ||
| 904 | |i Trọng Hải | ||
| 980 | |a Trung tâm Học liệu Trường Đại học Cần Thơ | ||